01005pam a2200277 a 4500001000500000005001700005020001700022040002300039050002100062082001000083100001600093245009100109250003900200260003800239300004800277490003200325505000800357520018100365521002000546521002000566650002300586650002100609650003400630700001700664700004600681405620240604104705.0 a046594003751 aDLCcDLCdDLCbeng00aPZ7.G85347b199700a394.21 aGreer, Gery10aBilly the Ghost and me /cstory by Gery Greer and Bob Ruddick ; pictures by Roger Roth aFirst Harper Trophy edition , 1997 aNew York :bHarperCollins ;c1997 a47 pages : bcolor illustrations ; c22 cm. a An I Can Read Chapter Book aJ  aYoung Sarah, with the help of her friend Billy the Ghost, proves herself as a deputy by planning the perfect capture of two bank robbers in her Western town of Cactus Junction. a480 bLexile  aJ bRaz-Plus  1aCowgirlsvFiction. 1aGhostsvFiction. 1aRobbers and outlawsvFiction.1 aRuddick, Bob1 aRoth, Rogerq(Roger Almon),eillustrator